000
00347 a2200169 4500
001
171869
020
_a
85-281-0017-0
040
_c
Magnum
100
_a
Werneck, Leny
240
1
0
_a
Bonjour, vovó
_l
por
245
1
0
_a
Bonjour, vovó
300
_a
63
362
0
_a
1992
440
1
_a
Salamandra
697
_a
LITERATURA JUVENIL
942
_c
BK
999
_c
171869
_d
171869